00489 a2200217 4500260001000000630004700010037001200057650003500069100002100104260001300125245001500138300000800153650002600161260000900187300001000196100000700206440001800213037001100231037001100242020001800253 aParis a17 - Morale. Ethique. Philosophie pratique b2, CIUF a1 - PHILOSOPHIE ET PSYCHOLOGIE aLefebvre, René bEllipses aLa Justice a62p aJustice : Philosophie c2000 b19 cm lFr aPhilo-notions a08/174 a08/175 a2-7298-0327-0